Trouvez les bons jeux PSP - Statistiques

Statistiques générales
  • Ce quiz a été pris 13 fois
  • Le résultat moyen est 2 sur 15
Statistiques - réponses
Date de sortie Genre Editeur Réponse % Correct
2006 Action, aventure, tir à la 3ème personne, simulation, conduite Rockstar Games GTA Vice City Stories
63%
2006 Jeu de plates-formes, action, aventure Sony Interactive Entertainment Europe, Sony Interactive Entertainment Daxter
25%
1987 JRPG Square Enix Final Fantasy
25%
2010 Action, aventure Sony Computer Entertainment God of War
25%
2010 Jeu d'infiltration, action, aventure, tir à la 3ème personne, stratégie Konami, Microsoft, Konami Digital Entertainment Metal Gear
25%
2007 Plates-formes Sony Crash Bandicoot
13%
2013 Sport, simulation Electronic Arts, EA Sports Fifa 14
13%
2009 Action, aventure, course, tir à la 3ème personne Rockstar Games, Take-Two Interactive GTA Chinatown Wars
13%
1996 Shoot 'em up, Jeu d'action-aventure, Run and gun SNK Metal Slug
13%
2011 Rythme, action, stratégie Sony Interactive Entertainment Patapon 3
13%
2009 Action, aventure, infiltration Griptonite Games, Ubisoft Montréal, Glu Mobile Assassin's Creed
0%
2006 Action, RPG, monde ouvert Visceral Games, Page 44 studios, EA Salt Lake Le Parrain
0%
2006 Histoire, puzzle, parcours, réflexion Sony Interactive Entertainment Locoroco
0%
2005 Course, conduite, argent Rockstar Games Midnightclub 3
0%
2010 Course, action, création, partage Sony Interactive Entertainment ModNation Racers
0%
Aucun quiz correspondant
Distribution des résultats
% des personnes avec chaque résultat
Percentile par nombre de réponses
Votre historique - résultats
Vous n’avez pas pris ce quiz